000 00258nam a2200109 a 4500
005 20200930075818.0
008 120120s1981 000 spa d
020 _a0823013065
245 0 _aThe desing concept.
260 _aNew York,
_c1981.
999 _c36073
_d36073
040 _aDO-SdBNP